00640nam a22002177a 4500003000500000005001700005008004100022010001000063011001000073020001500083035001100098040000900109110000800118245011500126260002400241300000700265500008400272650001600356650003000372650002000402CHAP20220817044148.0070430d2002 it r 00110 fre d a93580 a94552 a9252047166 a105147 cCHAP2 aFAO10aDirectives sur les exigences minimales relatives au matériel agricole d'application des pesticidesc/par FAO aRome :bFAO,c2002. av. aLa biblioteca tiene: v.3 Nébulisateurs portatifs (portés par l'opérateur)14aAspersores.14aPesticidasxAplicación.14aPulverizadores.